Biochemistry / (Record no. 129246)
[ view plain ]
| 000 -LEADER | |
|---|---|
| fixed length control field | 00765nam a2200265 a 4500 |
| 008 - FIXED-LENGTH DATA ELEMENTS--GENERAL INFORMATION | |
| fixed length control field | |
| 020 ## - INTERNATIONAL STANDARD BOOK NUMBER | |
| International Standard Book Number | 9780138004644 (hbk.) |
| 049 ## - LOCAL HOLDINGS (OCLC) | |
| Holding library | MAIN |
| 090 ## - LOCALLY ASSIGNED LC-TYPE CALL NUMBER (OCLC); LOCAL CALL NUMBER (RLIN) | |
| Classification number (OCLC) (R) ; Classification number, CALL (RLIN) (NR) | QP514.2 |
| Local cutter number (OCLC) ; Book number/undivided call number, CALL (RLIN) | BIO |
| 003 - CONTROL NUMBER IDENTIFIER | |
| control field | |
| 005 - DATE AND TIME OF LATEST TRANSACTION | |
| control field | 20240410144514.0 |
| 040 ## - CATALOGING SOURCE | |
| Transcribing agency | NUST |
| 245 10 - TITLE STATEMENT | |
| Title | Biochemistry / |
| Statement of responsibility, etc. | Christopher K. Mathews...[et.al] |
| 250 ## - EDITION STATEMENT | |
| Edition statement | 4th ed. |
| 260 ## - PUBLICATION, DISTRIBUTION, ETC. | |
| Place of publication, distribution, etc. | Toronto : |
| Name of publisher, distributor, etc. | Pearson, |
| Date of publication, distribution, etc. | c2013. |
| 300 ## - PHYSICAL DESCRIPTION | |
| Extent | xxvi, 1342 p. : |
| Other physical details | ill. (some col.) ; |
| Dimensions | 28 cm. |
| 504 ## - BIBLIOGRAPHY, ETC. NOTE | |
| Bibliography, etc. note | Includes bibliographical references. |
| 500 ## - GENERAL NOTE | |
| General note | Includes index. |
| 650 #0 - SUBJECT ADDED ENTRY--TOPICAL TERM | |
| Topical term or geographic name entry element | Biochemistry. |
| 700 ## - ADDED ENTRY--PERSONAL NAME | |
| Personal name | Anthony-Cahill, Spencer J. |
| 700 ## - ADDED ENTRY--PERSONAL NAME | |
| Personal name | Appling, Dean R. |
| 700 1# - ADDED ENTRY--PERSONAL NAME | |
| Personal name | Van Holde, K.E. |
| 907 ## - LOCAL DATA ELEMENT G, LDG (RLIN) | |
| a | .b10366933 |
| b | 07-12-15 |
| c | 02-12-15 |
| 942 ## - ADDED ENTRY ELEMENTS (KOHA) | |
| Koha item type | Ordinary Loan Books |
| Call number prefix | QP514.2 |
| Call number suffix | BIO |
| Koha issues (borrowed), all copies | 1 |
| Date last seen | Total Checkouts | Full call number | Barcode | Date last checked out | Cost, replacement price | Price effective from | Koha item type | Lost status | Source of classification or shelving scheme | Damaged status | Not for loan | Collection | Withdrawn status | Home library | Current library | Shelving location | Date acquired | Cost, normal purchase price |
|---|---|---|---|---|---|---|---|---|---|---|---|---|---|---|---|---|---|---|
| 04/23/2024 | 8 | QP514.2 MAT | 92004037826 | 04/10/2024 | 80.00 | 01/23/2023 | BOOKS | LCC | NFIC | MAIN | Medical | GEN | 01/23/2023 | 80.00 |